Odpovede sietnice na voľné kyslíkové radikály

Bibliographic Details
Main Authors: Oláh, Zoltán, 1931-2025 (Author), Veselovský, Ján (Author)
Format: Article
Language:Slovak
PhysicalDescription:Obr. 2, res. angl., nem., slov., lit. 14 zázn.
ISSN:1335-0234
Subjects:

MARC

LEADER 00000nab a2200000 a 4500
001 vtls000636550
003 SK-MaSNL
005 20260305024538.0
008 250425c1997 xo 0 slo
015 |a SNBRB19rr/mm-uuuuu 
035 |a CL0636689 
035 |a urn:nbn:sk:snk-abh06 
035 |a (urnnbn)urn:nbn:sk:snk:ar-a055q6 
035 |a (uuid)878e491f-77ce-4fcb-9cb2-1590ff9acb34 
040 |a SNKBUCL  |b slo  |c SNKBUCL  |e AACR2 
041 0 |a slo 
044 |a xo  |c SK 
080 |a 612.843  |2 1981 
100 1 |a Oláh, Zoltán,  |d 1931-2025  |4 aut  |9 248667 
245 1 0 |a Odpovede sietnice na voľné kyslíkové radikály  |c Zoltán Oláh, Ján Veselovský 
300 |b Obr. 2, res. angl., nem., slov., lit. 14 zázn. 
650 0 7 |a sietnica  |2 snkbucl  |9 20919 
650 0 7 |a radikály kyslíkové voľné  |2 snkbucl  |9 972766 
655 7 |a články z novín a časopisov  |2 snkbucl  |9 267496 
700 1 |a Veselovský, Ján  |4 aut  |9 5063 
773 0 |t Slovenský lekár  |g Roč. 7 (21), č. 9 (1997), s. 18-21  |x 1335-0234 
850 |a Slovenská národná knižnica 
852 |a Slovenská národná knižnica 
954 |a odborná, vedecká literatúra pôvodná (slovenská)  |2 lita 
958 |a article27 
958 |a NB 
958 |a MI 
958 |a RK 
958 |a OND 
958 |a EUIPO 
992 |a RBX 
999 |c 3303339  |d 3305269